LEADER 03019nam0 2200373 i 450 001 BVEE035288 005 20170908093217.0 012 $ai-p- n-s, u-r- maca (3) 1612 (R)$2fei 100 $a20040903d1612 ||||0itac50 ba 101 | $alat 102 $ait 181 1$6z01$ai $bxxxe 182 1$6z01$an 200 1 $aDe campanis commentarius a Fr. Angelo Roccha episcopo. Tagastensi, et apostolici Sacrarij praefecto elucubratus, ad. Sanctam. Ecclesiam Catholicam directus, ... 210 $aRomae$capud Guillelmum Facciottum$d1612 215 $aVIII, 166, [22], 8 p., [4] c. di tav. ripieg.$ccornice xil., [4] ill. calcogr.$d4º 300 $aIl fasc. a⁴ contiene: De horologiis et campanis hoc. in. commentario delineatis, & aere incisis, declaratio 300 $aSegn.: †⁴ A-Y⁴ Z⁶ a⁴ 300 $aLe c. di tav. segnate A-D. 316 $a1 v. (in v. misc. mutilo delle carte di tav.; fasc. a erroneamente legato dopo il fasc. [croce] del secondo testo della miscellanea. - Timbri RB sul front.)$5IT-NA0079, V.F. 166 C 29 316 $a1 v. - Timbro RB sul front. - Note ms. sul controp. ant.(Birgittae - ... P. Ph. Asdenti, 1766) e sul r del I f. di guardia ant.(ex libris ... Francisci Candidi)$5IT-NA0079, V.F. 166 C 29 620 $aIT$dRoma$3LO1L002924 700 1$aRocca$b, Angelo$f <1545-1620>$3SBLV138740$4070$0744039 712 02$aFacciotti, Guglielmo$3BVEV042787$4650 791 02$aFacciotto, Guglielmo$3IEIV049755$zFacciotti, Guglielmo 801 3$aIT$bIT-NA0079$c20040903 850 $aIT-NA0079 899 1$aBiblioteca Nazionale Vittorio Emanuele III$bNA0079$42 esemplari$eS$n1 esemplare mutilo delle carte di tav. $qS$uhttp://books.google.com/books?vid=IBNN:BNVA1001531820 912 $aBVEE035288 950 0$aBiblioteca Nazionale Vittorio Emanuele III$c1 v. misc.$d BNV.F. 166 C 29$e BNVA10015318205 B (0001 1 v. (in v. misc. mutilo delle carte di tav.; fasc. a erroneamente legato dopo il fasc. [croce] del secondo testo della miscellanea. - Timbri RB sul front.)$fC $h20140203$i20140203$lMutilo delle carte di tav.; fasc. a erroneamente legato dopo il fasc. [croce] del secondo testo della miscellanea$mImperfezioni$lTimbri RB sul front.$mTimbri storici della biblioteca proprietaria$b1 v.$c1 v.$d BNSALA FARN.04. D 0044$e BNANT0014117425 G 1 v. - Timbro RB sul front. - Note ms. sul controp. ant.(Birgittae - ... P. Ph. Asdenti, 1766) e sul r del I f. di guardia ant.(ex libris ... Francisci Candidi)$fC $h20040903$i20040903 956 $aBiblioteca Nazionale Vittorio Emanuele III$b1$c $d $eBNVA1001531820$uhttp://books.google.com/books?vid=IBNN:BNVA1001531820$z BNV.F. 166 C 29 977 $a BN 996 $aDe campanis commentarius a Fr. Angelo Roccha episcopo. Tagastensi, et apostolici Sacrarij praefecto elucubratus, ad. Sanctam. Ecclesiam Catholicam directus, ..$91481098 997 $aUNISANNIO LEADER 02851oam 2200517z- 450 001 9911007268003321 005 20250319080001 010 $a9780323903387 010 $a032390338X 010 $a9780323909716 010 $a032390971X 035 $a(CKB)5850000000031670 035 $a(MiAaPQ)EBC7007809 035 $a(VLeBooks)9780323903387 035 $a(FR-PaCSA)88963747 035 $a(FRCYB88963747)88963747 035 $a(EXLCZ)995850000000031670 100 $a20260304d2022 u| | 101 0 $aeng 135 $aurcnu|||||||| 181 $ctxt$2rdacontent 182 $cc$2rdamedia 183 $acr$2rdacarrier 200 10$a3rd Generation Biofuels$eDisruptive Technologies to Enable Commercial Production$fJacob[and others] 210 1$a Sawston, Royaume-Uni$cWoodhead Publishing$d2022 215 $a1 online resource 225 1 $aWoodhead Publishing Series in Energy 300 $aDescription based upon print version of record. 311 08$aPrint version: Jacob-Lopes, Eduardo 3rd Generation Biofuels San Diego : Elsevier Science & Technology,c2022 330 $a3rd Generation Biofuels: Disruptive Technologies to Enable Commercial Production is a comprehensive volume on all aspects of algal biofuels, offering the latest advances on commercial implementation. In addition to the fundamentals, the book discusses all applied aspects of 3rd generation biofuels production, including design approaches, unit operations of the upstream and downstream biomass processing, and every potential microalgae-based energy product, including microbial fuel cells. Policy, economic, environmental, and regulatory issues are addressed in a dedicated section. Finally, the book presents pilot and demonstration-scale projects for 3rd generation biofuels production in the format of a white paper. Each chapter reviews the state of the art, discusses the disruptive technological approaches that will potentially enable large-scale production, and concludes with specific recommendations on how to achieve commercial competitiveness. The book provides readers with an invaluable reference for researchers, graduates, and practitioners working in the areas of renewable energy, bioenergy and alternative fuels, and biotechnology. 410 0$aWoodhead Publishing in energy. 517 3 $aThird generation biofuels 517 3 $aDisruptive technologies to enable commercial production 606 $aAlgal biofuels 606 $aBiomass energy 615 0$aAlgal biofuels. 615 0$aBiomass energy. 676 $a662.88 700 $aJacob-Lopes$b Eduardo$01787515 701 $aQueiroz Zepka Phd$b Leila$01835651 701 $aSevero$b Ihana Aguiar$01824377 801 0$bFR-PaCSA 906 $aBOOK 912 $a9911007268003321 996 $a3rd Generation Biofuels$94412438 997 $aUNINA